Movies Quiz

Random Movies or Box Office Quiz

Highest Grossing PG-Rated Movies Quiz Stats

 Plays Quiz Updated Apr 12, 2016

Challenge
Share
Tweet
Embed
Score 0/30 Timer 06:00
0 Plays Today
Year Title % Correct
1977Star Wars
54.5%
2001*Shrek
47.2%
1982E.T.: The Extra-Terrestrial
46%
2009*Up
43.3%
2004*Shrek 2
40.8%
1980The Empire Strikes Back
39.7%
2016*Finding Dory
39.6%
1983Star Wars: Episode VI - Return of the Jedi
39.4%
2007*Shrek the Third
38.1%
1999Star Wars: Episode I - The Phantom Menace
29%
2017Beauty and the Beast
28.7%
2004*The Incredibles
28%
2015*Inside Out
27.9%
2002Star Wars: Episode II - Attack of the Clones
25.9%
2018*Incredibles 2
22.7%
Year Title % Correct
1990Home Alone
21.2%
2001Harry Potter and the Sorcerer's Stone
21.2%
2002Harry Potter and the Chamber of Secrets
20.9%
2015*Minions
17.1%
2013*Despicable Me 2
16.4%
2017*Despicable Me 3
15.4%
2009Harry Potter and the Half-Blood Prince
14.9%
2016The Jungle Book
13.7%
2016*The Secret Life of Pets
13.3%
2013*Frozen
10%
2016*Sing
8.5%
2010Alice in Wonderland (2010)
4.8%
2005The Chronicles of Narnia: The Lion, the Witch and the Wardrobe
4.4%
2016*Zootopia
4.4%
2018*Dr. Seuss' The Grinch
2.3%

You're not logged in!

Compare scores with friends on all Sporcle quizzes.
OR
Log In

You Might Also Like...

Show Comments

Extras

Top Quizzes Today


Score Distribution

Your Account Isn't Verified!

In order to create a playlist on Sporcle, you need to verify the email address you used during registration. Go to your Sporcle Settings to finish the process.

Report this User

Report this user for behavior that violates our Community Guidelines.

Details: